NFL Top 25 2021 Season Passing Leaders - Statistics

General Stats
  • This quiz has been taken 45 times
  • The average score is 11 of 25
Answer Stats
Yards Player % Correct
5,316 Tom Brady
100%
5,014 Justin Herbert
67%
4,886 Matt Stafford
58%
4,839 Patrick Mahomes
58%
4,449 Dak Prescott
53%
4,804 Derek Carr
53%
4,611 Joe Burrow
53%
4,407 Josh Allen
53%
4,221 Kirk Cousins
47%
4,115 Aaron Rodgers
44%
3,801 Mac Jones
44%
3,740 Ben Roethlisberger
42%
3,144 Jalen Hurts
42%
3,010 Baker Mayfield
39%
3,563 Carson Wentz
39%
3,787 Kyler Murray
39%
2,882 Lamar Jackson
39%
3,968 Matt Ryan
39%
3,113 Russell Wilson
39%
3,245 Jared Goff
36%
3,810 Jimmy Garoppolo
33%
3,734 Ryan Tannehill
33%
3,052 Teddy Bridgewater
33%
3,641 Trevor Lawrence
31%
3,419 Taylor Heinicke
28%
No matching quizzes found
Score Distribution
Percent of People with Each Score
Percentile by Number Answered
Your Score History
You have not taken this quiz